Leaderhip in the Indian army : (Record no. 126531)

MARC details
000 -LEADER
fixed length control field 00758nam a22002297a 4500
005 - DATE AND TIME OF LATEST TRANSACTION
control field 20170124110011.0
010 ## - LIBRARY OF CONGRESS CONTROL NUMBER
LC control number B-167007
020 ## - INTERNATIONAL STANDARD BOOK NUMBER
Terms of availability 450.00
International Standard Book Number 8178294524
035 ## - SYSTEM CONTROL NUMBER
System control number B-167007
037 ## - SOURCE OF ACQUISITION
Source of stock number/acquisition Cen Lib/Ret
040 ## - CATALOGING SOURCE
Original cataloging agency DPL
Language of cataloging EN
082 ## - DEWEY DECIMAL CLASSIFICATION NUMBER
Classification number 355.0092254
Item number SIN
100 ## - MAIN ENTRY--PERSONAL NAME
Personal name Singh, V. K.
9 (RLIN) 90094
245 ## - TITLE STATEMENT
Title Leaderhip in the Indian army :
Statement of responsibility, etc by V. K. Singh
Remainder of title biographies of twelve soldiers /
260 ## - PUBLICATION, DISTRIBUTION, ETC. (IMPRINT)
Place of publication, distribution, etc New Delhi
Name of publisher, distributor, etc Sage Publications
Date of publication, distribution, etc 2005
270 ## - ADDRESS
City New Delhi
Address B-42, Panchsheel Enclave
Postal code 110017
300 ## - PHYSICAL DESCRIPTION
Extent 417p. :
Dimensions 18cm(pbk)
Other physical details ill.
500 ## - GENERAL NOTE
General note Includes bibliographical references
650 ## - SUBJECT ADDED ENTRY--TOPICAL TERM
Topical term or geographic name as entry element Biographies of Indian soldiers.
9 (RLIN) 90095
650 ## - SUBJECT ADDED ENTRY--TOPICAL TERM
Topical term or geographic name as entry element The men who rule India.
9 (RLIN) 90096
942 ## - ADDED ENTRY ELEMENTS (KOHA)
Source of classification or shelving scheme Dewey Decimal Classification
Koha item type English Books
Classification part 355.0092254
Call number suffix SIN
Holdings
Withdrawn status Lost status Damaged status Not for loan Home library Current library Date acquired Source of acquisition Cost, normal purchase price Total Checkouts Full call number Barcode Date last seen Date checked out Copy number Cost, replacement price Price effective from Koha item type
        Central Library Central Library 25/06/2015 Cen Lib/Ret 450.00 3 355.0092254 SIN B-167007 21/03/2022 12/03/2022 1 450.00 15/09/2016 English Books

© Delhi Public Library
Hit Counter
free hit counter